00716 a2200181 4500952014100000999001500141020002500156050002100181100002500202245008500227264005100312300002600363504005100389650001900440700002900459700001900488942002700507 00102Library Of40708NFICaLLbLLcGENd2021-06-21l2oKTL 920 SCO 2006p005875r2022-01-31 00:00:00s2022-01-27tc.1w2021-06-21yBK c9474d9474 a9780195985825 (pbk.)00aKTL 920 SCO 2006 aScott, Johaneeditor04aThe law of commerce in South Africa /cJohan Scott, Dumile Baqwa ... [et al.]. aSouth Africa :bOxford University Press,c2006 axvi, 400 p. :bill. ; aIncludes bibliographical references and index 0aCommercial law1 aScott, T. J.q(T. Johan)1 aBaqwa, Dumile. 2lcccBKh920iSCOkKTL